The management of flats in multiple ownership: learning from other countries. (Record no. 96756)
[ view plain ]
| 000 -LEADER | |
|---|---|
| fixed length control field | 01144cam a2200325 4500 |
| 008 - FIXED-LENGTH DATA ELEMENTS--GENERAL INFORMATION | |
| fixed length control field | 090401t1997 xxu||||| |||| 00| 0 eng d |
| 020 ## - INTERNATIONAL STANDARD BOOK NUMBER | |
| International Standard Book Number | 186134077X |
| 035 ## - SYSTEM CONTROL NUMBER | |
| System control number | (Sirsi) u81903 |
| 041 ## - LANGUAGE CODE | |
| Language code of text/sound track or separate title | eng |
| 050 ## - LIBRARY OF CONGRESS CALL NUMBER | |
| Classification number | 306.2 |
| 100 ## - MAIN ENTRY--PERSONAL NAME | |
| Personal name | Bailey, Nick |
| 245 #4 - TITLE STATEMENT | |
| Title | The management of flats in multiple ownership: learning from other countries. |
| 260 ## - PUBLICATION, DISTRIBUTION, ETC. | |
| Place of publication, distribution, etc. | Bristol |
| Name of publisher, distributor, etc. | The Policy Press |
| Date of publication, distribution, etc. | 1997 |
| 300 ## - PHYSICAL DESCRIPTION | |
| Extent | vii,32p. ; 30cm. |
| 350 ## - PRICE (NR) (BK AM CF MU VM SE) [OBSOLETE] | |
| Price | 11.95 |
| 520 ## - SUMMARY, ETC. | |
| Summary, etc. | Examines the legal arrangements that govern the ownership and management of flats as well as the practical support given to flat owners by both public and private organisations. Covers the different arragements that exist in England, Wales and Scotland and compares these with those in Australia, France and the US. |
| 650 ## - SUBJECT ADDED ENTRY--TOPICAL TERM | |
| Topical term or geographic name entry element | AUSTRALIA |
| 650 ## - SUBJECT ADDED ENTRY--TOPICAL TERM | |
| Topical term or geographic name entry element | FLAT MANAGEMENT |
| 650 ## - SUBJECT ADDED ENTRY--TOPICAL TERM | |
| Topical term or geographic name entry element | FLAT OWNERSHIP |
| 650 ## - SUBJECT ADDED ENTRY--TOPICAL TERM | |
| Topical term or geographic name entry element | FRANCE |
| 650 ## - SUBJECT ADDED ENTRY--TOPICAL TERM | |
| Topical term or geographic name entry element | SCOTLAND |
| 650 ## - SUBJECT ADDED ENTRY--TOPICAL TERM | |
| Topical term or geographic name entry element | UNITED STATES |
| 690 ## - LOCAL SUBJECT ADDED ENTRY--TOPICAL TERM (OCLC, RLIN) | |
| Topical term or geographic name as entry element | Block management |
| 9 (RLIN) | 6220 |
| 700 ## - ADDED ENTRY--PERSONAL NAME | |
| Personal name | Robertson, Douglas |
| 700 ## - ADDED ENTRY--PERSONAL NAME | |
| Personal name | Pawson, Hal |
| 700 ## - ADDED ENTRY--PERSONAL NAME | |
| Personal name | Lancaster, Sharon |
| 700 ## - ADDED ENTRY--PERSONAL NAME | |
| Personal name | Jarvis, Chris |
| 942 ## - ADDED ENTRY ELEMENTS (KOHA) | |
| Suppress in OPAC | 0 |
| 948 ## - LOCAL PROCESSING INFORMATION (OCLC); SERIES PART DESIGNATOR (RLIN) | |
| c (OCLC) | 04/11/1997 |
| Withdrawn status | Lost status | Source of classification or shelving scheme | Damaged status | Not for loan | Home library | Current library | Shelving location | Date acquired | Cost, normal purchase price | Total Checkouts | Full call number | Barcode | Date last seen | Date last checked out | Copy number | Cost, replacement price | Price effective from | Koha item type |
|---|---|---|---|---|---|---|---|---|---|---|---|---|---|---|---|---|---|---|
| Dewey Decimal Classification | London | London | Folio | 29/01/1998 | 11.95 | 1 | F306.2 | 30054792 | 06/08/2019 | 04/02/2003 | 1 | 11.95 | 06/08/2019 | Book |